00663 2200241 4500001002100000005001500021035002000036007000300056008004100059020001800100082001200118084001800130100002600148245004600174260003900220300004800259650001000307700002400317700001800341856003000359990001600389990001600405INLIS00000000000021920231113094857 a0010-1123000002ta231113 g 0 ind  a979-489-227-0 a633.841 a633.841 NAW c0 aAbdjad Asih Nawangsih1 aCabay Hot Beauty /cAbdjad Asih Nawangsih aJakarta :bPenerbit Swadaya,c1995 aix,; 114 hlm :billus, ;c14,5 cm x 20,5 cm 4aCabai0 aHeri Purwanto Imdad0 aAgung Wahyudi aperpustakaan bpsip sumbar a00000000241 a00000000242